00659nam a2200193 i 4500001000700000003000900007005001700016007000300033008004100036100002500077245004800102260004800150300002700198490003600225830004400261852002100305999001900326952012000345134041ES-MaACL20230906194602.0t|070905s1918 xxk ||||1| eng d1 aWard, James.911607810aPsychological principles / cby James Ward. aCambridge : bThe University Press, c1918. aXIV, 478 p. ; c25 cm.1 aCambridge psychological library0 aCambridge psychological library9219812 aES-MaACLjC-1945 c134041d134041 00104070aATENEOMbATENEOMcSPALd2008-01-17eSCl0oC-1945p1139530r2023-02-23 00:00:00w2023-02-23yMONOGRAFIA